000 00200nam a22000857a 4500
008 170427b xxu||||| |||| 00| 0 eng d
100 _93083
_aPurang.Y.P.etal.
245 _aScience-VIII
260 _aNew Delhi
999 _c6370
_d6370